[Event "TUR Cup										"]
[Site "Antalya"]
[Date "2018.01.29"]
[Round "4"]
[White "Lokman, Hilmi Merih"]
[Black "Aladag, Yigit Dogan"]
[Result "1-0"]
[WhiteElo "1578"]
[BlackElo "1811"]
[PlyCount "61"]
[EventDate "2018.01.27"]
[EventType "swiss"]
[EventRounds "11"]
[EventCountry "TUR"]
[SourceTitle "CBM 182 Extra"]
[Source "ChessBase"]
[SourceDate "2018.02.23"]
[SourceVersion "1"]
[SourceVersionDate "2018.02.23"]
[SourceQuality "1"]

1. d4 c5 2. c3 d5 3. f4 Nc6 4. e3 Nf6 5. Bd3 Bg4 6. Nf3 e6 7. Nbd2 cxd4 8. cxd4 Bd6 9. a3 0-0 10. 0-0 Rc8 11. Qa4 Qb6 12. b4 Nd7 13. Bb2 f6 14. Bc3 e5 15. b5 Ne7 16. Ba5 Nc5 17. dxc5 Qxc5 18. fxe5 Qxe3+ 19. Kh1 fxe5 20. Qxg4 Qxd3 21. Qe6+ Kh8 22. Qxd6 Nf5 23. Qxe5 Rce8 24. Qc7 Ne3 25. Rfe1 Rf6 26. Bc3 Rg6 27. Qf7 Rg8 28. Bd4 Nf5 29. Re8 Nh6 30. Rxg8+ Nxg8 31. Re1 1-0

[Event "EU-ch U12 24th"]
[Site "Batumi"]
[Date "2014.10.24"]
[Round "6"]
[White "Khobeliya, Luka"]
[Black "Aladag, Yigit Dogan"]
[Result "0-1"]
[WhiteElo "1578"]
[BlackElo "1396"]
[PlyCount "32"]
[EventDate "2014.10.19"]
[EventType "swiss"]
[EventRounds "9"]
[EventCountry "GEO"]
[SourceTitle "EXT 2016"]
[Source "ChessBase"]
[SourceDate "2015.10.08"]
[SourceVersion "1"]
[SourceVersionDate "2015.10.08"]
[SourceQuality "1"]

1. e4 c5 2. d4 cxd4 3. c3 dxc3 4. Nxc3 Nc6 5. Nf3 g6 6. Bc4 Bg7 7. 0-0 Qc7 8. Nd5 Qd8 9. Qe2 e6 10. Nc3 Qc7 11. Nb5 Qb8 12. Rd1 Bf8 13. e5 a6 14. Nd6+ Bxd6 15. exd6 b5 16. Bb3 Bb7 0-1